Прогнози и предпоставки (Запис номер 192713)
[ съкратено ]
| 000 -Лидер | |
|---|---|
| Контролно поле с фиксирана дължина | nam a22 a 4500 |
| 003 - Код на организацията, давaща контролен номер | |
| Контролно поле | BLK |
| 005 - Дата и час на последна редакция | |
| Контролно поле | 20230227102936.0 |
| 008 - Елементи от данни с фиксирана дължина | |
| fixed length control field | 180411b bul|||||r ||||||| ||bul|| |
| 010 ## - Наследен системен номер | |
| LC control number | KNG00201910000 |
| 040 ## - Източник на каталожния запис | |
| Идентификатор на билиотеката - собственик на записа | BLK |
| 041 ## - Код за език | |
| Код за езика на текст/звукозапис или на отделно заглавие | Български |
| Код за езика КДБФ | Български |
| 080 ## - УДК | |
| Текстов определител УДК | Футурология |
| УДК код - определител по УДК | 008.2 |
| УДК - код + определител | 008.2 |
| 100 1# - Редна дума - Автор | |
| Автор | Тофлър, Алвин |
| Авторска отговорност | първи автор |
| R(LIN) | 377354 |
| 139 ## - Редно поле | |
| Редна дума | Тофлър, Алвин |
| Авторски знак | Тот - Т 76 |
| 245 10 - Сведения за заглавието | |
| Заглавие | Прогнози и предпоставки |
| Подзаглавни данни | Интервю на агенция Саут енд прес, 1983 |
| Редно поле (дума) | Алвин Тофлър; прев. от англ. Маргарита Иванова. |
| 257 ## - Страна на издаване | |
| Страна на създаване/издаване | България |
| 260 ## - Област на издателските данни | |
| Място на издаване, разпространение и проч. | София |
| Име на издателя, разпространителя и проч. | Фак. по журналистика и масова комуникация |
| Година на издаване | 1992 |
| 300 ## - Физическа характеристика | |
| Страници | 228 с. |
| Размери/Мащаб | 20 см |
| 380 ## - Жанр | |
| Жанр | Общ отдел |
| 490 ## - СЕРИИ (Колекции) | |
| Име на серия | Библиотека Социалният процес |
| 9 (RLIN) | 208927 |
| 500 ## - Общи забележки | |
| Забележка | Ориг. загл. Previews Premises / Alvin Toffler. - Офс. изд. |
| 650 #4 - Допълнително описание по предмет – тема | |
| Основно описание – тема или топоним | Научно предвиждане и прогнозиране |
| 9 (RLIN) | 251660 |
| 653 ## - Ключова дума – ненормативна | |
| Ключова дума | футурология |
| 653 ## - Ключова дума – ненормативна | |
| Ключова дума | предвиждане |
| 653 ## - Ключова дума – ненормативна | |
| Ключова дума | прогнозиране |
| 700 1# - Други автори (авторска отговорност) | |
| Лично име | Иванова, Маргарита |
| Автороска отговорност (Описва отношението между автора и произведението) | прев. от англ. |
| 9 (RLIN) | 365670 |
| 852 ## - Местоположение | |
| Форматна сигнатура | Цб 169264 |
| 856 4# - Електронен адрес и достъп | |
| Електронен формат | pdf - файл |
| Инструкция (цена за достъп) | 17.83 |
| Права за достъп | disable |
| 856 4# - Електронен адрес и достъп | |
| Електронен формат | pdf - файл |
| Инструкция (цена за достъп) | 17.83 |
| Права за достъп | disable |
| 999 ## - СИСТЕМНИ КОНТРОЛНИ НОМЕРА | |
| Koha biblionumber | 192713 |
| Koha biblioitemnumber | 192713 |
| 942 ## - АРТИКУЛИ | |
| Вид на библиотечния материал | Книги |
| Скрит в OPAC | Не |
| Периодичен библиозапис | Да |
| 944 ## - СЪЗДАВАНЕ И РЕДАКЦИЯ на ЗАПИСА | |
| Създаване/Редакция | Създаване |
| Дата на регистрацията/редакция | 27.02.2017 |
| Служител, извършил регистрацията/редакцията | Наталия_Любомирова |
| 944 ## - СЪЗДАВАНЕ И РЕДАКЦИЯ на ЗАПИСА | |
| Създаване/Редакция | Редакция |
| Дата на регистрацията/редакция | 27.02.2017 |
| Служител, извършил регистрацията/редакцията | Наталия_Любомирова |
| 999 ## - СИСТЕМНИ КОНТРОЛНИ НОМЕРА | |
| Koha biblioitemnumber | 192713 |
| 999 ## - СИСТЕМНИ КОНТРОЛНИ НОМЕРА | |
| Koha biblioitemnumber | 192713 |
| Код за отписване | Код за изгубен артикул | Източник на класификационната схема | Код за повреда | Коз за рестрикции | Код за отдаване | Артикулен № | Име на библиотеката - собственик | Име на библиотеката, в която се намира в момента | Статус (Текущо местоположение) | Дата на вписване в системата | Местоположение - отдел | Цена в лева | Инвентарен номер | Систематично азбучна сигнатура | Баркод | Номер на екземпляра | Цена в евро | Служебна бележка | Служебен тип на артикула |
|---|---|---|---|---|---|---|---|---|---|---|---|---|---|---|---|---|---|---|---|
| Не е изгубен | Universal Decimal Classification | Не е повреден | без рестрикции | ползва се в читалня | 337875 | Регионална библиотека "Любен Каравелов" Русе | Регионална библиотека "Любен Каравелов" Русе | Хранилище | 1992-01-01 | Хранилище | 17.83 | 569903 | Цб 169264 | 120000569903 | 1 | 9.12 | N: стар фонд Дата: 01.01.1992 | Книги |